000
00334nam a2200169Ia 4500
100
_a
Negus/Christopher
650
_a
Linux
942
_c
BK
366
_f
25
654
_a
linux
245
_a
Linux 2010
260
_b
Wiley India
_c
2010
082
_a
5.133
_b
NEG
300
_a
881
546
_a
ENGLISH
_c
PAMPHALETS
999
_c
18267
_d
18267